[Event "GER-ch (Women) op"]
[Site "Augsburg"]
[Date "2024.03.08"]
[Round "4"]
[White "Kulon, Klaudia"]
[Black "Krasenkova, Ilena"]
[Result "1-0"]
[WhiteElo "2335"]
[BlackElo "2076"]
[PlyCount "91"]
[EventDate "2024.03.06"]
[EventType "swiss"]
[EventRounds "9"]
[EventCountry "GER"]
[SourceTitle "CB12_2024"]
[SourceDate "2023.10.01"]
[SourceVersion "1"]
[SourceVersionDate "2023.10.01"]
[SourceQuality "1"]

1. e4 b6 2. d4 Bb7 3. Bd3 e6 4. Nf3 Bb4+ 5. c3 Be7 6. 0-0 d5 7. e5 Nd7 8. Re1 c5 9. a4 c4 10. Bf1 a6 11. Na3 Bc6 12. b4 b5 13. a5 g5 14. h3 Nf8 15. Nh2 h5 16. Be2 h4 17. Bh5 Nh6 18. g4 hxg3 19. fxg3 Kd7 20. g4 Kc7 21. Ra2 Be8 22. Rf2 Nh7 23. Bd2 Qd7 24. Qe2 Rc8 25. Nf3 Kb7 26. Nc2 Rc6 27. Qf1 Qd8 28. Ree2 Nf8 29. Qc1 Rc8 30. Nce1 Nh7 31. Ng2 Bd7 32. h4 Rg8 33. Kf1 Rc7 34. hxg5 Nxg5 35. Nxg5 Bxg5 36. Bxg5 Rxg5 37. Rf6 Rxh5 38. gxh5 Nf5 39. Qg5 Qf8 40. Rf2 Be8 41. R2xf5 exf5 42. Rb6+ Kc8 43. Qxf5+ Bd7 44. e6 Qg7 45. exd7+ Rxd7 46. Rd6 1-0

[Event "Wch Seniors (Women) 31st"]
[Site "Terassini"]
[Date "2023.10.27"]
[Round "3"]
[White "Krasenkova, Ilena"]
[Black "Klinova, Masha"]
[Result "0-1"]
[WhiteElo "2089"]
[BlackElo "2249"]
[PlyCount "126"]
[EventDate "2023.10.25"]
[EventType "swiss"]
[EventRounds "11"]
[EventCountry "ITA"]
[SourceTitle "Mega2024 Update 01"]
[Source "Chessbase"]
[SourceDate "2023.11.12"]
[SourceVersion "1"]
[SourceVersionDate "2023.11.12"]
[SourceQuality "1"]

1. d4 d6 2. Nf3 g6 3. c4 Bg7 4. Nc3 Nc6 5. e4 Bg4 6. Be3 e5 7. dxe5 dxe5 8. h3 Bxf3 9. Qxf3 Nd4 10. Qd1 Nf6 11. Be2 0-0 12. 0-0 c6 13. Re1 Ne8 14. Rb1 Nc7 15. b4 Nce6 16. Bf1 Qf6 17. b5 Rfd8 18. Qc1 Rd7 19. bxc6 bxc6 20. a4 a5 21. Rb6 Bf8 22. Qb2 Bb4 23. Rc1 Qd8 24. Rxb4 axb4 25. Qxb4 Rb8 26. Qa3 Qa5 27. Ne2 Rb3 28. Qa2 Qb4 29. Nxd4 exd4 30. Bd2 Rb2 31. Bxb4 Rxa2 32. Rd1 Rxa4 33. Bd2 Kg7 34. f4 Nc5 35. e5 Rda7 36. f5 gxf5 37. Bg5 Ne4 38. Bf6+ Nxf6 39. exf6+ Kxf6 40. Rxd4 Ke5 41. Rd2 Ra1 42. Re2+ Kf6 43. Rf2 R7a2 44. Rf3 Ra3 45. Rf2 R1a2 46. Rf4 Kg5 47. Rd4 Re3 48. Rd1 f4 49. Kh1 h5 50. Kg1 f3 51. gxf3 Rxf3 52. Kh1 Rfa3 53. Rd7 f5 54. Bg2 Rc3 55. Rd1 Rxc4 56. Rg1 Kh4 57. Rf1 Rcc2 58. Bf3 Rf2 59. Rxf2 Rxf2 60. Bxc6 Kxh3 61. Kg1 Kg3 62. Bd5 Rd2 63. Bb3 Rb2 0-1

[Event "Warsaw Szansa rapid op"]
[Site "Warsaw"]
[Date "2023.09.17"]
[Round "7"]
[White "Krasenkova, Ilena"]
[Black "Kosakowski, Jakub"]
[Result "0-1"]
[WhiteElo "2089"]
[BlackElo "2494"]
[PlyCount "98"]
[EventDate "2023.09.17"]
[EventType "swiss (rapid)"]
[EventRounds "9"]
[EventCountry "POL"]
[SourceTitle "EXT 2024"]
[Source "ChessBase"]
[SourceDate "2023.10.10"]
[SourceVersion "1"]
[SourceVersionDate "2023.10.10"]
[SourceQuality "1"]

1. d4 Nf6 2. c4 e6 3. g3 d5 4. Nf3 Bb4+ 5. Bd2 a5 6. a3 Be7 7. Qc2 0-0 8. Bg2 c6 9. 0-0 b6 10. Bf4 Bb7 11. Nbd2 Na6 12. e4 Rc8 13. e5 Nd7 14. Rac1 c5 15. Rfd1 h6 16. Qb1 Re8 17. h4 Rc7 18. cxd5 Bxd5 19. Ne4 Qa8 20. Nd6 Bxd6 21. exd6 Rcc8 22. Ne1 Bxg2 23. Nxg2 cxd4 24. b4 axb4 25. axb4 e5 26. Bd2 Qd5 27. Qd3 Nab8 28. Ne3 Qe6 29. Ng2 Qxd6 30. Rxc8 Rxc8 31. Qe4 Nf6 32. Qb7 Qc7 33. Qf3 Nbd7 34. Rc1 Qb8 35. Ra1 e4 36. Qf5 Qe5 37. Qxe5 Nxe5 38. Bf4 Nf3+ 39. Kf1 g5 40. hxg5 hxg5 41. Bd6 Ng4 42. Ne1 Nxe1 43. Rxe1 f5 44. Kg2 Rc2 45. Rf1 Ne3+ 46. Kg1 Nxf1 47. Kxf1 d3 48. Be5 Rc1+ 49. Kg2 d2 0-1

[Event "Katowice POL-HUN 10th"]
[Site "Katowice"]
[Date "2023.09.09"]
[Round "3"]
[White "Padmini, Rout"]
[Black "Krasenkova, Ilena"]
[Result "1-0"]
[WhiteElo "2353"]
[BlackElo "2089"]
[PlyCount "89"]
[EventDate "2023.09.09"]
[EventType "swiss (rapid)"]
[EventRounds "9"]
[EventCountry "POL"]
[SourceTitle "EXT 2024"]
[Source "ChessBase"]
[SourceDate "2023.10.10"]
[SourceVersion "1"]
[SourceVersionDate "2023.10.10"]
[SourceQuality "1"]

1. e4 Nf6 2. e5 Nd5 3. d4 e6 4. Nf3 Be7 5. c4 Nb6 6. Nc3 d5 7. c5 N6d7 8. Rb1 b6 9. b4 a5 10. a3 c6 11. Bd3 Ba6 12. 0-0 axb4 13. axb4 Bxd3 14. Qxd3 0-0 15. Bd2 b5 16. Ne2 Na6 17. Nc1 Nc7 18. Nb3 f6 19. exf6 Bxf6 20. Na5 Ra6 21. Rfe1 Re8 22. Bf4 g5 23. Nxg5 Bxg5 24. Qg3 h6 25. Bxc7 Qe7 26. h4 Nf6 27. hxg5 Ne4 28. Rxe4 dxe4 29. gxh6+ Kh7 30. Qf4 Rg8 31. Qxe4+ Rg6 32. Bf4 Qd7 33. Re1 Qd5 34. Qxd5 cxd5 35. c6 Ra8 36. c7 Rf6 37. g3 Kg6 38. Nb7 e5 39. Bxe5 Rc6 40. Bf4 Rc8 41. Re7 Kf6 42. Rg7 Rb6 43. Nc5 Rc6 44. Be5+ Kf5 45. g4# 1-0

[Event "Wch Seniors 50 30th"]
[Site "Assisi"]
[Date "2022.11.18"]
[Round "4"]
[White "Paschall, William M"]
[Black "Krasenkova, Ilena"]
[Result "1-0"]
[WhiteElo "2343"]
[BlackElo "2124"]
[PlyCount "75"]
[EventDate "2022.11.15"]
[EventType "swiss"]
[EventRounds "11"]
[EventCountry "ITA"]
[SourceTitle "CBM 211 Extra"]
[Source "ChessBase"]
[SourceDate "2023.01.31"]
[SourceVersion "1"]
[SourceVersionDate "2023.01.31"]
[SourceQuality "1"]

1. d4 Nf6 2. Nf3 e6 3. e3 d5 4. c4 Be7 5. Bd3 0-0 6. 0-0 dxc4 7. Bxc4 c5 8. Qe2 Nc6 9. Rd1 Qc7 10. Nc3 a6 11. a4 b6 12. d5 exd5 13. Bxd5 Bb7 14. h3 Rad8 15. e4 Nb4 16. Bf4 Qxf4 17. Bxb7 a5 18. e5 Ne8 19. Rxd8 Bxd8 20. Rd1 Nc7 21. g3 Qh6 22. Kg2 Ne6 23. Qc4 Qg6 24. Be4 Qh5 25. Rd7 Qh6 26. h4 g5 27. hxg5 Bxg5 28. Bf5 Bd8 29. Ne4 Ng7 30. Rd6 Ne6 31. Bxe6 fxe6 32. Rxe6 Qh5 33. Nf6+ Bxf6 34. Rxf6+ Rf7 35. Ng5 Qxg5 36. Qxf7+ Kh8 37. Qe8+ Kg7 38. Qf8# 1-0

[Event "Warsaw Maciei Memorial"]
[Site "Warsaw"]
[Date "2022.07.08"]
[Round "3"]
[White "Pedzich, Dominik"]
[Black "Krasenkova, Ilena"]
[Result "0-1"]
[WhiteElo "2373"]
[BlackElo "2124"]
[PlyCount "82"]
[EventDate "2022.07.08"]
[EventType "swiss (blitz)"]
[EventRounds "11"]
[EventCountry "POL"]
[SourceTitle "CBM 209 Extra"]
[Source "ChessBase"]
[SourceDate "2022.09.30"]
[SourceVersion "1"]
[SourceVersionDate "2022.09.30"]
[SourceQuality "1"]

1. e4 Nf6 2. e5 Nd5 3. d4 e6 4. Nf3 Be7 5. c4 Nb6 6. Nc3 d5 7. c5 N6d7 8. b4 b6 9. Rb1 a5 10. a3 axb4 11. axb4 c6 12. Bd3 Ba6 13. b5 cxb5 14. c6 Nxc6 15. Nxb5 Bxb5 16. Bxb5 Na5 17. h4 0-0 18. h5 h6 19. Rh3 Nc4 20. Rg3 Kh8 21. Kf1 f5 22. Qd3 Na3 23. Rb3 Nxb5 24. Rxb5 Ra1 25. Rb1 Rxb1 26. Qxb1 Qc7 27. Ng1 Qc4+ 28. Ne2 Rc8 29. Rc3 Qa6 30. Rxc8+ Qxc8 31. Nf4 Bg5 32. Ng6+ Kh7 33. f4 Qc4+ 34. Ke1 Qc3+ 35. Kf1 Qc4+ 36. Ke1 Qc3+ 37. Kf1 Bd8 38. Bb2 Qc4+ 39. Kg1 b5 40. Kh2 Qe2 41. Kg1 Qxh5 0-1

[Event "Moscow-ch rapid (Women)"]
[Site "Moscow"]
[Date "2020.11.07"]
[Round "8"]
[White "Antonova, Nadezhda"]
[Black "Krasenkova, Ilena"]
[Result "1-0"]
[WhiteElo "1877"]
[BlackElo "2178"]
[PlyCount "77"]
[EventDate "2020.11.07"]
[EventType "swiss (rapid)"]
[EventRounds "9"]
[EventCountry "RUS"]
[SourceTitle "CBM 199 Extra"]
[Source "ChessBase"]
[SourceDate "2021.01.31"]
[SourceVersion "1"]
[SourceVersionDate "2021.01.31"]
[SourceQuality "1"]

1. d4 g6 2. Nf3 Bg7 3. Nbd2 d5 4. e3 Nf6 5. b4 a5 6. b5 0-0 7. a4 c6 8. c4 c5 9. dxc5 Nfd7 10. Ba3 Bxa1 11. Qxa1 Nf6 12. Be2 Bf5 13. cxd5 Qxd5 14. Bc4 Qd8 15. Nd4 Be4 16. Nxe4 Nxe4 17. f3 Nf6 18. 0-0 Nd5 19. Re1 e5 20. Nc2 Nc7 21. Qxe5 Re8 22. Qc3 Ne6 23. Bb2 Kf8 24. Qh8+ Ke7 25. Bf6+ Kd7 26. Rd1+ Kc8 27. Bxe6+ Nd7 28. Rxd7 Rxh8 29. Rxd8+ Kc7 30. Rd7+ Kb8 31. Be5+ Ka7 32. Bxh8 fxe6 33. Bd4 Rc8 34. c6+ Kb8 35. Rxb7+ Ka8 36. Ra7+ Kb8 37. Rxa5 Re8 38. Be5+ Kc8 39. Ra8# 1-0

[Event "Moscow-ch blitz (Women)"]
[Site "Moscow"]
[Date "2020.11.04"]
[Round "2"]
[White "Bivol, Alina"]
[Black "Krasenkova, Ilena"]
[Result "1-0"]
[WhiteElo "2373"]
[BlackElo "2178"]
[PlyCount "105"]
[EventDate "2020.11.04"]
[EventType "tourn (blitz)"]
[EventRounds "13"]
[EventCountry "RUS"]
[EventCategory "2"]
[SourceTitle "CBM 199 Extra"]
[Source "ChessBase"]
[SourceDate "2021.01.31"]
[SourceVersion "1"]
[SourceVersionDate "2021.01.31"]
[SourceQuality "1"]

1. e4 Nf6 2. e5 Nd5 3. d4 e6 4. c4 Nb6 5. Nc3 d5 6. exd6 cxd6 7. Be3 Be7 8. Rc1 Nc6 9. Be2 0-0 10. Nf3 Nd7 11. 0-0 Nf6 12. Re1 a6 13. a3 Ng4 14. Bd2 b6 15. h3 Nf6 16. Be3 Bb7 17. b4 Rc8 18. Qb3 h6 19. Na4 d5 20. c5 b5 21. Nb6 Rc7 22. Bf4 Ne4 23. Bxc7 Qxc7 24. a4 bxa4 25. Qxa4 Bf6 26. b5 axb5 27. Bxb5 Ng5 28. Nxg5 Bxg5 29. Rcd1 Bf6 30. Bxc6 Bxc6 31. Qc2 Qf4 32. Qd2 Qc7 33. Qe3 Re8 34. Ra1 Bg5 35. Qd3 Bf6 36. Ra2 Qf4 37. Rd1 Qc7 38. Qg3 e5 39. dxe5 Bxe5 40. Qd3 d4 41. Nc4 Be4 42. Qb3 Bf6 43. Nd6 Bc6 44. Nxe8 Qf4 45. Nxf6+ gxf6 46. Qg3+ Qxg3 47. fxg3 Bd5 48. Rad2 d3 49. Rxd3 Be4 50. Rd6 Kf8 51. c6 Ke7 52. c7 Bb7 53. Rd8 1-0